000 00633nam a2200229 i 4500
001 C2-0231865
003 PPAK
005 20180728085031.0
008 001206s1956 enka|||| ||||| | eng d
040 _aPPAK
_beng
_cPPAK
_erda
082 0 4 _a808.83
_223
090 0 0 _a808.83
_bBLY
_dKSI
100 1 _aBlyton, Enid,
_eauthor
245 1 4 _aThe Queen Elizabeth family
264 1 _aLondon :
_bLutterworth ,
_c1956
300 _a93 pages :
_bcolour illustrations ;
_c18 cm
336 _2rdacontent
_atext
337 _2rdamedia
_aunmediated
338 _2rdacarrier
_avolume
650 1 0 _aShort stories - English
942 _ddc
_cB
999 _c151200
_d151200